000 00950cab a22001935a 4500
001 L155261
008 120313e2012 xxk 000 0 eng d
035 _a(Sirsi) u155261
041 0 _aeng
100 1 _aPhillips, Mike
245 0 0 _aNew lenders provide ray of hope for property finance
260 _c2012
490 0 _aProperty Week
_v78(10) 9 March 2012, 22(1)
520 _aThe Property Banking Forum is predicting in its "Lending Intentions Survey 2012", based on returns from 34 institutions, £33bn property lending in 2012, a significant increase on new lending for 2011. The survey highlights the changing profile of UK lenders: insurance companies will account for 20% of property lending, up from 11% in 2011. Refers to the De Montfort survey for the first half of 2011 and Savill's recent revision of its active UK lenders' list.
590 _aKA
651 4 _aUnited Kingdom
690 _aCommercial property
_96227
942 _n0
999 _c83843
_d83843